Česko-slovenský a slovensko-český slovník

Obsáhlý česko-slovenský a slovensko-český slovník poslouží zejména mladší generaci, především školákům.

Saved in:
Bibliographic Details
Main Authors Balcová, Táňa (Author), Greňa, Štefan (Author)
Format Book
LanguageCzech
Slovak
Published Bratislava : Kniha-spoločník, 2004
Edition1. vyd.
Subjects
ISBN80-88814-38-3
Physical Description1031 s. ; 15 cm

Cover

LEADER 00000cam a2200000 a 4500
001 115481
003 CZ-ZlUTB
005 20260429082905.0
007 ta
008 040329s2004 xo d 000 0 cze d
020 |a 80-88814-38-3  |q (váz.) 
040 |a CBA001  |b cze  |d ZLD002 
041 0 |a cze  |a slo 
072 7 |a 81  |x Lingvistika. Jazyky  |2 Konspekt  |9 11 
080 |a 811.162.3  |2 MRF 
080 |a 811.162.4  |2 MRF 
080 |a (038)81  |2 MRF 
100 1 |a Balcová, Táňa  |7 xx0029601  |4 aut 
245 1 0 |a Česko-slovenský a slovensko-český slovník /  |c Táňa Balcová, Štefan Greňa 
250 |a 1. vyd. 
260 |a Bratislava :  |b Kniha-spoločník,  |c 2004 
300 |a 1031 s. ;  |c 15 cm 
520 2 |a Obsáhlý česko-slovenský a slovensko-český slovník poslouží zejména mladší generaci, především školákům. 
650 0 7 |a čeština  |7 ph135292  |2 czenas 
650 0 7 |a slovenština  |7 ph125682  |2 czenas 
650 0 9 |a Czech language  |2 eczenas 
650 0 9 |a Slovak language  |2 eczenas 
655 7 |a dvojjazyčné překladové slovníky  |7 fd208746  |2 czenas 
655 9 |a bilingual translation dictionaries  |2 eczenas 
700 1 |a Greňa, Štefan  |7 xx0029602  |4 aut 
910 |a ZLD002 
942 |2 udc 
952 |0 0  |1 0  |2 udc  |4 0  |5 0  |6 80132ČSSČ  |7 0  |8 BOOK  |9 190739  |a UTBZL  |b UTBZL  |c 030  |d 2026-04-10  |l 0  |o 801.32/Č-S,S-Č  |p 420010201951  |r 2026-04-10 09:53:00  |v 200.00  |w 2026-04-10  |x N: dar  |y 05 
992 |b SK 
999 |c 115481  |d 115481